| 000 | 02029nam0a2200409 4500 | ||
|---|---|---|---|
| 001 | RU\NLR\BIBL_A\010696471 | ||
| 005 | 201509030504 | ||
| 021 |
_aRU _b2015-3285 _9201 |
||
| 035 | _a(NLR Aleph) 010696471 | ||
| 035 | _a(NILC)RuMoRGB-007858409 | ||
| 090 |
_a9706043 _c9706042 |
||
| 100 | _a20150313d2014 km y0rusy50 ca | ||
| 101 | 0 |
_arus _deng |
|
| 102 | _aRU | ||
| 105 | _aa|||z|||000yy | ||
| 200 | 1 |
_aАнимация и видео в научной публикации _fМ.М. Горбунов-Посадов, Д.С. Ролдугин, М.И. Слепенков, И.В. Тузов |
|
| 210 |
_aМосква _cИПМ _d2014 |
||
| 215 |
_a32 с. _cцв. ил. _d21 |
||
| 225 | 1 |
_aПрепринт _fИн-т прикл. математики им. М.В. Келдыша Рос. акад. наук _v№ 104 за 2014 г. _x2071-2898 |
|
| 300 | _aРез. на англ. яз. | ||
| 320 | _aБиблиогр.: с. 31-32 (11 назв.) | ||
| 606 |
_aКомпьютерная анимация _2nlr_sh1 _2nlr_sh2 _3RU\NLR\AUTH\661326536 |
||
| 606 |
_aВидеоинформация _2nlr_sh1 _2nlr_sh2 _3RU\NLR\AUTH\66204385 |
||
| 606 | 1 |
_aНаучные работы _xИнформационные технологии _2nlr_sh2 _3RU\NLR\AUTH\6601567097 |
|
| 606 | 1 |
_aINTERNET, глобальная информационная сеть _xПрименение в науке _2nlr_sh2 _3RU\NLR\AUTH\661303156 |
|
| 610 | 0 | _aнаучная публикация в интернете - оформление | |
| 686 | 1 | _aЧ215.35 | |
| 701 | 1 |
_aГорбунов-Посадов _bМ. М. _f1947- _gМихаил Михайлович _3RU\NLR\AUTH\779588 |
|
| 701 | 1 |
_aРолдугин _bД. С. _gДмитрий Сергеевич |
|
| 701 | 1 |
_aСлепенков _bМ. И. _gМихаил Иванович |
|
| 701 | 1 |
_aТузов _bИ. В. _gИлья Владимирович |
|
| 801 | 0 |
_aRU _bРГБ _c20150202 _gRCR |
|
| 942 | _cBOOK | ||
| 980 | _aNBR | ||
| 980 | _aNB | ||